Sports Quiz

Random Sports or NFL Quiz
Score 0/24 Timer 04:00
4 Plays Today
Question Answer Wrong Answers
Tom Brady Patriots
94.3%
Red Sox
1.1%
Celtics
0.5%
Bruins
0.4%
Rob Gronkowski Patriots
92.7%
Red Sox
1.5%
Celtics
0.6%
Bruins
1.2%
Kyrie Irving Celtics
91.9%
Red Sox
1.7%
Patriots
1.6%
Bruins
0.9%
Hanley Ramírez Red Sox
89.9%
Patriots
1.9%
Celtics
1.2%
Bruins
2.7%
Julian Edelman Patriots
89.4%
Red Sox
2.9%
Celtics
1.7%
Bruins
1.7%
Dustin Pedroia Red Sox
88.8%
Patriots
2.3%
Celtics
1.3%
Bruins
3.5%
Mookie Betts Red Sox
85.4%
Patriots
2.9%
Celtics
3.8%
Bruins
3.6%
David Price Red Sox
85.4%
Patriots
2.9%
Celtics
3.4%
Bruins
4%
Tuukka Rask Bruins
84.6%
Red Sox
4.9%
Patriots
3.3%
Celtics
2.7%
Marcus Smart Celtics
83.9%
Red Sox
3.8%
Patriots
5.7%
Bruins
2.3%
Patrice Bergeron Bruins
83.9%
Red Sox
5.8%
Patriots
3.7%
Celtics
2.2%
Al Horford Celtics
83.7%
Red Sox
4.7%
Patriots
3%
Bruins
4.4%
Dont'a Hightower Patriots
83.5%
Red Sox
3%
Celtics
6.8%
Bruins
2.5%
Stephen Gostkowski Patriots
83.5%
Red Sox
4.3%
Celtics
3.7%
Bruins
4%
Chris Sale Red Sox
83.4%
Patriots
3.8%
Celtics
3.4%
Bruins
5.1%
Zdeno Chára Bruins
82.1%
Red Sox
8.8%
Patriots
1.9%
Celtics
2.7%
Jayson Tatum Celtics
81.1%
Red Sox
4.8%
Patriots
7.3%
Bruins
2.5%
Brad Marchand Bruins
78.9%
Red Sox
8.9%
Patriots
4.7%
Celtics
3%
Torey Krug Bruins
75%
Red Sox
9.9%
Patriots
6.3%
Celtics
4.2%
Adam McQuaid Bruins
71.6%
Red Sox
12.1%
Patriots
7.6%
Celtics
4.1%
Terry Rozier Celtics
68.9%
Red Sox
8.5%
Patriots
8.9%
Bruins
9.5%
Stephon Gilmore Patriots
67.5%
Red Sox
6.9%
Celtics
10.1%
Bruins
11.2%
Shane Larkin Celtics
51.2%
Red Sox
16.9%
Patriots
7%
Bruins
20.6%
Blake Swihart Red Sox
50.4%
Patriots
6.8%
Celtics
6.6%
Bruins
31.8%

You're not logged in!

Compare scores with friends on all Sporcle quizzes.
OR
Log In

Sporcle TV

Today on Sporcle TV


Watch our educational content, quiz creation guides, and fun videos on Sporcle TV.

Show Comments

Extras

Top Quizzes Today


Score Distribution

Paid Content

Your Account Isn't Verified!

In order to create a playlist on Sporcle, you need to verify the email address you used during registration. Go to your Sporcle Settings to finish the process.

Report this User

Report this user for behavior that violates our Community Guidelines.

Details: